<?xml version="1.0" encoding="UTF-8"?><?xml-stylesheet type="text/xsl" href="static/style.xsl"?><OAI-PMH xmlns="http://www.openarchives.org/OAI/2.0/" xmlns:xsi="http://www.w3.org/2001/XMLSchema-instance" xsi:schemaLocation="http://www.openarchives.org/OAI/2.0/ http://www.openarchives.org/OAI/2.0/OAI-PMH.xsd"><responseDate>2026-06-01T13:37:24Z</responseDate><request verb="GetRecord" identifier="oai:riuma.uma.es:10630/28204" metadataPrefix="marc">https://riuma.uma.es/rest/oai/request</request><GetRecord><record><header><identifier>oai:riuma.uma.es:10630/28204</identifier><datestamp>2026-02-03T11:43:18Z</datestamp><setSpec>com_10630_2254</setSpec><setSpec>col_10630_37956</setSpec></header><metadata><record xmlns="http://www.loc.gov/MARC21/slim" xmlns:dcterms="http://purl.org/dc/terms/" xmlns:doc="http://www.lyncode.com/xoai" xmlns:xsi="http://www.w3.org/2001/XMLSchema-instance" xsi:schemaLocation="http://www.loc.gov/MARC21/slim http://www.loc.gov/standards/marcxml/schema/MARC21slim.xsd">
   <leader>00925njm 22002777a 4500</leader>
   <datafield ind2=" " ind1=" " tag="042">
      <subfield code="a">dc</subfield>
   </datafield>
   <datafield ind2=" " ind1=" " tag="720">
      <subfield code="a">Martínez-Maza, María Clelia</subfield>
      <subfield code="e">author</subfield>
   </datafield>
   <datafield ind2=" " ind1=" " tag="260">
      <subfield code="c">2023-09</subfield>
   </datafield>
   <datafield ind2=" " ind1=" " tag="520">
      <subfield code="a">Las mujeres de las familias reales, reyes y princesas de la Britania postromana desempeñaron un papel fundamental en el proceso de cristianización y fueron protagonistas fundamentales en las fundaciones de monasterios, una pieza clave no solo por su repercusión religiosa sino sobre todo política como instrumentos que servían para consolidar el control de un territorio. Sin embargo, la producción historiográfica recoge un retrato de estas mujeres coherente con el modelo de cristiana ideal, invisibilizando  sus tareas económicas, políticas y sociales para presentarlas  solo como responsables del cuidado pastoral y espiritual de sus congregaciones y del territorio circundante.</subfield>
   </datafield>
   <datafield ind1="8" ind2=" " tag="024">
      <subfield code="a">Martínez-Maza, C. (2023). Royal women in Anglo−Saxon religious life: from political instrument to model of piety. En M.C. Chiriatti e M. Vallejo Girvés (Ed.), Riflessi di porpora. Declinazioni di potere femminile tra Roma, Bisanzio e l’Occidente Medievale. Fondazione Centro Italiano di Studi sull’Alto Medioevo.</subfield>
   </datafield>
   <datafield ind1="8" ind2=" " tag="024">
      <subfield code="a">9788868093983</subfield>
   </datafield>
   <datafield ind1="8" ind2=" " tag="024">
      <subfield code="a">https://hdl.handle.net/10630/28204</subfield>
   </datafield>
   <datafield tag="653" ind2=" " ind1=" ">
      <subfield code="a">Casas reales - Mujeres - Inglaterra - S. V-VI</subfield>
   </datafield>
   <datafield tag="653" ind2=" " ind1=" ">
      <subfield code="a">Inglaterra - Historia - S. V-VI</subfield>
   </datafield>
   <datafield tag="653" ind2=" " ind1=" ">
      <subfield code="a">Mujeres en la Iglesia Católica - Inglaterra - S. V-VI</subfield>
   </datafield>
   <datafield ind2="0" ind1="0" tag="245">
      <subfield code="a">Royal women in Anglo−Saxon religious life: from political instrument to model of piety.</subfield>
   </datafield>
</record>
</metadata></record></GetRecord></OAI-PMH>